000 00836nam a2200181 a 4500
001 18360
005 20180713211632.0
008 140415s1989 mx 000 0 spa d
020 _a9682513340
041 _aspa
082 _a610.7362
_bMAN
245 0 0 _aMANUAL DE ENFERMERIA PEDIATRICA
250 _a1a ed.
260 _aMEXICO :
_bINTERAMERICANA MC GRAW HILL,
_c1989
300 _a482
_cx 16 x 23
520 _aESTE LIBRO ESTA ORGANIZADO EN FORMA LÓGICA PARA LA PLANEACIÓN DE LOS CUIDADOS DE ENFERMERÍA. LA ENFERMERA UTILIZA CONOCIMIENTOS SOBRE EL NIVEL DE DESARRROLLO DEL NIÑO COMO INDIVIDUO. HACE PLANES PARA PONER EN PRÁCTICA SOBRE CUIDADOS DE ENFERMERÍA EN OCASIÓN DEL IMPACTO QUE EJERCEN LOS FACTORES CAUSANTES DEL STRESS TANTO EN EL NIÑO CÓMO EN SU FAMILIA, ETC
650 1 4 _aENFERMERIA PEDIATRICA
999 _c18360
_d18360